Pays les plus similaires à la France - Statistiques

Statistiques générales
  • Ce quiz a été pris 395 fois
  • Le résultat moyen est 8 sur 10
Statistiques - réponses
Top Pays % Correct
5 Espagne
97%
7 Allemagne
96%
4 Italie
96%
1 Belgique
95%
2 Suisse
93%
8 Pays-Bas
83%
6 Portugal
83%
3 Luxembourg
82%
9 Autriche
71%
10 Grèce
45%
Aucun quiz correspondant
Distribution des résultats
% des personnes avec chaque résultat
Percentile par nombre de réponses
Votre historique - résultats
Vous n’avez pas pris ce quiz